| 000 | 00464nam a22001697a 4500 | ||
|---|---|---|---|
| 003 | BDDh-ASL | ||
| 005 | 20231015031102.0 | ||
| 008 | 230101n ii ||||| |||| 00| 0 a d | ||
| 040 |
_aBDDh-ASL _cBDDh-ASL |
||
| 041 | _aara | ||
| 082 |
_a297 _bTAF |
||
| 245 | 0 | 0 | _aTafsīr Jalalayn M'a Kamalayn : / تفسير جلالين مع كمالين |
| 260 |
_aKanpur : _bMajidi Press , |
||
| 300 |
_a512 p. : _c38 cm. |
||
| 650 | 0 |
_aTafsir _94705 |
|
| 942 |
_2ddc _cBK |
||
| 999 |
_c29917 _d29917 |
||